[Event "4NCL Online Division 3"]
[Site "online"]
[Date "2021.01.26"]
[Round "1.72"]
[White "Smith, Mark"]
[Black "Hobson, Kenneth"]
[Result "0-1"]
[WhiteElo "1751"]
[BlackElo "1930"]
[PlyCount "50"]
[EventDate "2021.01.26"]
[WhiteTeam "Shropshire 3"]
[BlackTeam "Oxford 3"]

1. e4 e5 2. Nf3 Nc6 3. Nc3 Nf6 4. d4 exd4 5. Nxd4 Bc5 6. Nxc6 bxc6 7. Bg5 d6 8.
Qf3 Bd4 9. Bd3 h6 10. Bxf6 Qxf6 11. Qxf6 Bxf6 12. f4 g5 13. f5 Bb7 14. O-O-O
O-O-O 15. Rhe1 Rhe8 16. Re2 d5 17. exd5 Rxe2 18. Nxe2 cxd5 19. c3 c5 20. Ng3
Re8 21. Kd2 Be5 22. Re1 Bf4+ 23. Kd1 Rxe1+ 24. Kxe1 d4 25. Be4 Bxg3+ 0-1

[Event "4NCL Online Division 3"]
[Site "online"]
[Date "2021.01.26"]
[Round "1.73"]
[White "Terry, Sean"]
[Black "Pico Ruiz, Javier"]
[Result "1/2-1/2"]
[WhiteElo "1939"]
[BlackElo "1800"]
[PlyCount "46"]
[EventDate "2021.01.26"]
[WhiteTeam "Oxford 3"]
[BlackTeam "Shropshire 3"]

1. e4 c5 2. Nf3 d6 3. Bb5+ Bd7 4. a4 Nc6 5. d4 cxd4 6. Nxd4 Nf6 7. Nc3 a6 8.
Bc4 e6 9. O-O Be7 10. Be3 O-O 11. Nb3 e5 12. a5 Rb8 13. Bb6 Qc8 14. Qe2 Bd8 15.
Nd5 Nxd5 16. Bxd5 Bxb6 17. axb6 Nb4 18. Bc4 Be6 19. Bxe6 Qxe6 20. Ra4 Nc6 21.
Rd1 Rfd8 22. Qc4 Qxc4 23. Rxc4 Rbc8 1/2-1/2

[Event "4NCL Online Division 3"]
[Site "online"]
[Date "2021.01.26"]
[Round "1.74"]
[White "Maydew, Simon"]
[Black "Finn, Chris"]
[Result "1/2-1/2"]
[WhiteElo "1743"]
[BlackElo "1889"]
[PlyCount "61"]
[EventDate "2021.01.26"]
[WhiteTeam "Shropshire 3"]
[BlackTeam "Oxford 3"]

1. d4 e6 2. Nf3 Nf6 3. e3 d5 4. Bd3 c5 5. b3 Nc6 6. O-O Be7 7. Bb2 O-O 8. Nbd2
b6 9. Ne5 Bb7 10. f4 Bd6 11. a3 Ne7 12. Qf3 Rc8 13. c3 Qc7 14. Qh3 Ne4 15. Rac1
Nf5 16. Nxe4 dxe4 17. Bb1 Qe7 18. Nc4 Bb8 19. Nd2 Nd6 20. dxc5 Rxc5 21. c4 f5
22. b4 Rcc8 23. Ba2 a5 24. Bd4 axb4 25. axb4 Nf7 26. c5 bxc5 27. bxc5 Ba7 28.
Rc2 Bxc5 29. Bxc5 Rxc5 30. Rxc5 Qxc5 31. Bxe6 1/2-1/2

[Event "4NCL Online Division 3"]
[Site "online"]
[Date "2021.01.26"]
[Round "1.81"]
[White "Dunlop, Anthony"]
[Black "Tarling, Ray"]
[Result "0-1"]
[WhiteElo "1767"]
[BlackElo "1944"]
[PlyCount "104"]
[EventDate "2021.01.26"]
[WhiteTeam "East Kilbride Strollers"]
[BlackTeam "Guildford Gatekeepers"]

1. f4 Nf6 2. Nf3 g6 3. e3 Bg7 4. d4 O-O 5. Bd3 c5 6. c3 d6 7. O-O cxd4 8. exd4
Nc6 9. Qc2 e5 10. dxe5 dxe5 11. f5 e4 12. Bxe4 Nxe4 13. Qxe4 Bxf5 14. Qf4 Re8
15. h3 h5 16. Nbd2 Ne7 17. Nb3 Nd5 18. Qg3 Bd3 19. Re1 Rxe1+ 20. Qxe1 Qb6+ 21.
Qf2 Qxf2+ 22. Kxf2 Nxc3 23. Nbd4 Nb5 24. Be3 Nxd4 25. Bxd4 Bxd4+ 26. Nxd4 Re8
27. Rd1 Bc4 28. b3 Be6 29. Nb5 a6 30. Nd6 Re7 31. Rd2 Rd7 32. Ke3 Kf8 33. Ke4
Ke7 34. Nc8+ Kd8 35. Rxd7+ Kxd7 36. Nb6+ Kc6 37. Na4 Bd5+ 38. Kf4 Bxg2 39. h4
f6 40. Nc3 b5 41. Nd1 a5 42. Ne3 Bd5 43. Nc2 Kc5 44. Ke3 g5 45. hxg5 fxg5 46.
Ne1 a4 47. Nd3+ Kd6 48. bxa4 bxa4 49. a3 h4 50. Kd4 h3 51. Nf2 h2 52. Ke3 h1=Q
0-1

[Event "4NCL Online Division 3"]
[Site "online"]
[Date "2021.01.26"]
[Round "1.82"]
[White "Kammin, Samuel"]
[Black "Madhavan, Sanjith"]
[Result "1-0"]
[WhiteElo "1742"]
[BlackElo "1684"]
[PlyCount "84"]
[EventDate "2021.01.26"]
[WhiteTeam "Guildford Gatekeepers"]
[BlackTeam "East Kilbride Strollers"]

1. d4 Nf6 2. Nf3 g6 3. c4 Bg7 4. Nc3 d6 5. e4 O-O 6. Be2 e5 7. h3 Nc6 8. dxe5
Nxe5 9. Nxe5 dxe5 10. Qc2 Be6 11. Be3 c6 12. O-O Qc7 13. Na4 b6 14. c5 b5 15.
Nc3 a5 16. Rfd1 Rfd8 17. b3 Bf8 18. Bg5 Rxd1+ 19. Rxd1 Nd7 20. Be3 Nxc5 21. Rc1
Rc8 22. Bxc5 Bxc5 23. Na4 Bxf2+ 24. Kxf2 bxa4 25. bxa4 Qb6+ 26. Kf1 Qe3 27. Bf3
Bxh3 28. Qc3 Qxc3 29. Rxc3 c5 30. gxh3 f5 31. exf5 gxf5 32. Bd5+ Kg7 33. Be6
Rc6 34. Bxf5 Kh6 35. Ke2 Kg5 36. Bxh7 Rh6 37. Bc2 Kf4 38. Rf3+ Kg5 39. Rf5+ Kh4
40. Rxe5 Kxh3 41. Rxc5 Re6+ 42. Kf3 Rf6+ 1-0

[Event "4NCL Online Division 3"]
[Site "online"]
[Date "2021.01.26"]
[Round "1.83"]
[White "Shrestha, Unnabh"]
[Black "Merriman, Rob"]
[Result "0-1"]
[WhiteElo "1454"]
[BlackElo "1761"]
[PlyCount "88"]
[EventDate "2021.01.26"]
[WhiteTeam "East Kilbride Strollers"]
[BlackTeam "Guildford Gatekeepers"]

1. d4 e6 2. Bf4 c5 3. e3 Nf6 4. c3 Be7 5. Nf3 Nc6 6. Bd3 Nh5 7. Bg3 Nxg3 8.
hxg3 h6 9. Qc2 b6 10. Nbd2 d5 11. e4 cxd4 12. cxd4 Nb4 13. Qb3 Nxd3+ 14. Qxd3
O-O 15. e5 f6 16. O-O a5 17. a4 Ba6 18. Qg6 Bxf1 19. Rxf1 Qe8 20. Qd3 Qxa4 21.
b3 Qd7 22. Ra1 f5 23. Qe3 b5 24. Ne1 a4 25. Nc2 axb3 26. Nxb3 Rxa1+ 27. Nbxa1
b4 28. Nb3 Rc8 29. Qd2 Rc3 30. Nc1 Qc6 31. Nd3 Rxc2 32. Nxb4 Rxd2 33. Nxc6 Kf7
34. Kf1 Rc2 35. Nb4 Bxb4 36. f4 Bc3 37. Kg1 Bxd4+ 38. Kh2 g5 39. g4 gxf4 40.
gxf5 exf5 41. e6+ Kxe6 42. Kh3 Bf2 43. Kh2 Rc1 44. Kh3 Rh1# 0-1

[Event "4NCL Online Division 3"]
[Site "online"]
[Date "2021.01.26"]
[Round "1.84"]
[White "Tarling, Adam"]
[Black "Peakman, Jonlee"]
[Result "0-1"]
[WhiteElo "1670"]
[BlackElo "1261"]
[PlyCount "160"]
[EventDate "2021.01.26"]
[WhiteTeam "Guildford Gatekeepers"]
[BlackTeam "East Kilbride Strollers"]

1. e4 c5 2. c3 Nf6 3. e5 Nd5 4. d4 d6 5. Nf3 Nc6 6. c4 Ndb4 7. a3 Qa5 8. Bd2
Bf5 9. d5 Nxe5 10. Nxe5 dxe5 11. Bc3 e6 12. dxe6 Bxe6 13. Be2 Qa6 14. O-O Rd8
15. Qb3 Nc6 16. Qb5 Qxb5 17. cxb5 Nd4 18. Bxd4 exd4 19. Bf3 b6 20. Bc6+ Ke7 21.
Re1 g6 22. Nd2 Bg7 23. b3 f5 24. Nc4 Kf7 25. Rad1 g5 26. a4 h5 27. a5 bxa5 28.
Nxa5 d3 29. Nb7 d2 30. Nxd8+ Rxd8 31. Re3 f4 32. Re2 Bc3 33. Rxe6 Kxe6 34. g3
fxg3 35. hxg3 g4 36. f3 Kf5 37. Kg2 Rd6 38. fxg4+ hxg4 39. Kf2 Rd3 40. Be8 Bb4
41. Bf7 Kg5 42. Bc4 Rd8 43. Ke3 Kf5 44. Bd3+ Ke5 45. Rf1 Rf8 46. Rg1 Rf3+ 47.
Ke2 Kd4 48. Bc4 Kc3 49. Bd5 Rf5 50. Be4 Re5 51. Ke3 c4 52. bxc4 Kxc4 53. Kf4
Rxb5 54. Kxg4 Kd4 55. Bf3 Re5 56. Ra1 Re1 57. Bd1 a5 58. Kf5 Kc3 59. Rb1 Rxd1
60. Rxd1 Kc2 61. Ra1 d1=Q 62. Rxd1 Kxd1 63. g4 Bc3 64. g5 a4 65. Kg6 a3 66. Kf7
a2 67. g6 a1=Q 68. g7 Bxg7 69. Kg6 Qf6+ 70. Kh5 Qf5+ 71. Kh4 Qb5 72. Kg3 Ke2
73. Kf4 Qe5+ 74. Kg4 Ke3 75. Kh4 Bf6+ 76. Kg4 Qf4+ 77. Kh3 Qg5 78. Kh2 Kf3 79.
Kh1 Kf2 80. Kh2 Qg2# 0-1

[Event "4NCL Online Division 3"]
[Site "online"]
[Date "2021.01.26"]
[Round "1.91"]
[White "De Jonge, Henk"]
[Black "Brown, Alan M"]
[Result "1-0"]
[WhiteElo "1943"]
[BlackElo "2039"]
[PlyCount "67"]
[EventDate "2021.01.26"]
[WhiteTeam "Cork"]
[BlackTeam "MK Phoenix 2"]

1. d4 Nf6 2. c4 e6 3. Nc3 Bb4 4. f3 c5 5. d5 d6 6. e4 Bxc3+ 7. bxc3 e5 8. Bd3
O-O 9. Ne2 Nbd7 10. O-O Re8 11. g4 Nf8 12. Be3 Ng6 13. Qd2 b6 14. Ng3 Rf8 15.
Kf2 Ne8 16. Bg5 f6 17. Be3 Ba6 18. Nf5 Ne7 19. h4 Nxf5 20. exf5 Qd7 21. a4 Nc7
22. Rg1 Rae8 23. g5 Kh8 24. g6 hxg6 25. Rxg6 Re7 26. h5 Ne8 27. Bh6 Rg8 28. Be3
Rf7 29. Qc2 Rgf8 30. Rag1 Rg8 31. R1g4 Rff8 32. Kg1 Bb7 33. h6 Rf7 34. Qh2 1-0

[Event "4NCL Online Division 3"]
[Site "online"]
[Date "2021.01.26"]
[Round "1.92"]
[White "Hunt, Peter"]
[Black "O'Connell, Denis"]
[Result "1/2-1/2"]
[WhiteElo "2015"]
[BlackElo "1736"]
[PlyCount "104"]
[EventDate "2021.01.26"]
[WhiteTeam "MK Phoenix 2"]
[BlackTeam "Cork"]

1. e4 d5 2. Nf3 dxe4 3. Ng5 e5 4. Nxe4 f5 5. Ng3 Bc5 6. c3 Nc6 7. Bc4 Nf6 8.
Qe2 Qe7 9. d3 f4 10. Ne4 Nxe4 11. dxe4 Be6 12. Nd2 O-O-O 13. Nb3 Bb6 14. Bd2 g5
15. f3 h5 16. O-O-O Na5 17. Nxa5 Bxa5 18. Bxe6+ Qxe6 19. c4 Rxd2 20. Rxd2 Bxd2+
21. Kxd2 Rd8+ 22. Kc2 Rd4 23. b3 Qa6 24. a4 Qa5 25. Rd1 c5 26. Rxd4 cxd4 27.
Qd2 Qxd2+ 28. Kxd2 a5 29. c5 Kc7 30. Kd3 Kc6 31. Kc4 b6 32. cxb6 Kxb6 33. b4
axb4 34. Kxb4 Ka6 35. h3 h4 36. a5 Ka7 37. Kb3 Kb7 38. Kc4 Kc7 39. Kb4 Kb7 40.
Kc4 Ka7 41. Kb3 Ka6 42. Kb4 d3 43. Kc3 Kxa5 44. Kxd3 Kb5 45. Ke2 Kc4 46. Kf1
Kd3 47. Kg1 Ke2 48. Kh2 Kf2 49. Kh1 Kf1 50. Kh2 Kf2 51. Kh1 Kf1 52. Kh2 Kf2
1/2-1/2

[Event "4NCL Online Division 3"]
[Site "online"]
[Date "2021.01.26"]
[Round "1.93"]
[White "Bradley, Michael"]
[Black "Cox, Toby"]
[Result "0-1"]
[WhiteElo "1423"]
[BlackElo "1995"]
[PlyCount "130"]
[EventDate "2021.01.26"]
[WhiteTeam "Cork"]
[BlackTeam "MK Phoenix 2"]

1. e4 e6 2. f4 d5 3. e5 c5 4. Nf3 Nc6 5. c3 Nh6 6. Na3 Nf5 7. Nc2 Be7 8. Be2
O-O 9. O-O Qb6 10. Qe1 f6 11. g4 Nh6 12. h3 Nf7 13. d4 cxd4 14. cxd4 fxe5 15.
fxe5 Nfxe5 16. Nxe5 Rxf1+ 17. Bxf1 Nxd4 18. Qf2 Nxc2 19. Qxb6 axb6 20. Rb1 Rxa2
21. Bd3 Bc5+ 22. Kh1 Nb4 23. Bb5 Bd4 24. Bf4 Rxb2 25. Rc1 Rc2 26. Rd1 Bxe5 27.
Bxe5 Nc6 28. Bd6 Rf2 29. Bc7 Bd7 30. Bxb6 Rb2 31. Bxc6 Bxc6 32. Bd4 Ra2 33. Rf1
Ra8 34. Re1 Re8 35. Kg1 Kf7 36. Kg2 b5 37. h4 b4 38. Rf1+ Kg8 39. Re1 Bd7 40.
Be5 Rc8 41. Kg3 b3 42. Ra1 Rc2 43. Ra8+ Kf7 44. Rb8 Re2 45. Bd6 g5 46. Rxb3
gxh4+ 47. Kxh4 e5 48. Kg3 d4 49. g5 Bf5 50. Bc5 d3 51. Rb7+ Ke6 52. Re7+ Kd5
53. Bb4 d2 54. Re8 Bd7 55. Re7 Bc6 56. Bxd2 Rxd2 57. Rxh7 Kd4 58. Rc7 Rg2+ 59.
Kh3 Rxg5 60. Rxc6 e4 61. Rd6+ Kc3 62. Rc6+ Kd2 63. Rd6+ Ke2 64. Re6 e3 65. Re4
Kf3 0-1

[Event "4NCL Online Division 3"]
[Site "online"]
[Date "2021.01.26"]
[Round "1.94"]
[White "Williamson, Kevin J"]
[Black "Ranade, Akshay"]
[Result "1-0"]
[WhiteElo "1973"]
[BlackElo "1215"]
[PlyCount "101"]
[EventDate "2021.01.26"]
[WhiteTeam "MK Phoenix 2"]
[BlackTeam "Cork"]

1. d4 d5 2. Nf3 Nf6 3. e3 e6 4. Nbd2 c5 5. c3 Nc6 6. Bd3 c4 7. Bc2 Bd7 8. O-O
Be7 9. e4 dxe4 10. Nxe4 O-O 11. Qe2 b5 12. Bg5 Nd5 13. Bxe7 Qxe7 14. Rfe1 Rfc8
15. Ng3 Qd6 16. Bxh7+ Kxh7 17. Ng5+ Kg8 18. Qh5 Nf6 19. Qxf7+ Kh8 20. Re4 Nxe4
21. Qh5+ Kg8 22. Qh7+ Kf8 23. Qh8+ Ke7 24. Qxg7+ Kd8 25. Nf7+ Kc7 26. Nxd6 Nxd6
27. Re1 Rg8 28. Qh7 Rgf8 29. Qc2 Rf7 30. Ne4 Nf5 31. Nc5 Rg8 32. Nxe6+ Bxe6 33.
Rxe6 Nh4 34. Rxc6+ Kxc6 35. Qe4+ Kb6 36. Qxh4 Re8 37. f3 Rfe7 38. Kf2 Re2+ 39.
Kg3 Rg8+ 40. Kf4 Rf8+ 41. Kg3 Rg8+ 42. Kh3 Rgxg2 43. Qd8+ Kb7 44. Qd7+ Kb6 45.
Qd6+ Kb7 46. d5 Rxh2+ 47. Kg3 Rhg2+ 48. Kf4 Rxb2 49. Qc6+ Kb8 50. d6 Rgd2 51.
Qc7+ 1-0

[Event "4NCL Online Division 3"]
[Site "online"]
[Date "2021.01.26"]
[Round "1.101"]
[White "Robbings, Andrew MJ"]
[Black "Shepherd, Tom"]
[Result "1/2-1/2"]
[WhiteElo "1970"]
[BlackElo "2018"]
[PlyCount "86"]
[EventDate "2021.01.26"]
[WhiteTeam "Wantage A"]
[BlackTeam "MCS Oxford A"]

1. d4 d5 2. e3 Nf6 3. Bd3 c5 4. c3 Nc6 5. f4 Bg4 6. Nf3 e6 7. Nbd2 Bd6 8. O-O
O-O 9. h3 Bf5 10. Ne1 Rc8 11. Qf3 Ne7 12. g4 Bxd3 13. Nxd3 g6 14. Ne5 b5 15. h4
Qc7 16. h5 cxd4 17. cxd4 Qc2 18. h6 Rc7 19. Rf2 Ne4 20. Nxe4 Qxe4 21. Qh3 Rfc8
22. Bd2 b4 23. Qh4 Nc6 24. Qf6 Bf8 25. g5 Qf5 26. Qxf5 gxf5 27. Nf3 Na5 28. b3
Nb7 29. Rff1 a5 30. Rfc1 Nd6 31. Rxc7 Rxc7 32. Rc1 Rxc1+ 33. Bxc1 Ne4 34. Bb2
Bd6 35. Ne5 Bxe5 36. dxe5 Nc3 37. Kf1 Nb5 38. Ke2 Kf8 39. Kd3 Ke8 40. Bd4 Nc7
41. Bb6 Na6 42. Bxa5 Kd7 43. Bb6 Kc6 1/2-1/2

[Event "4NCL Online Division 3"]
[Site "online"]
[Date "2021.01.26"]
[Round "1.102"]
[White "Selvaraj, Hari"]
[Black "Carter, John P"]
[Result "0-1"]
[WhiteElo "1934"]
[BlackElo "1886"]
[PlyCount "90"]
[EventDate "2021.01.26"]
[WhiteTeam "MCS Oxford A"]
[BlackTeam "Wantage A"]

1. d4 Nf6 2. c4 g6 3. Nc3 d5 4. Nf3 Bg7 5. e3 O-O 6. Be2 dxc4 7. Bxc4 c5 8. O-O
cxd4 9. Nxd4 a6 10. h3 b5 11. Bb3 Bb7 12. Qe2 Nbd7 13. Rd1 e5 14. Nf3 Qe7 15.
e4 Nc5 16. Bc2 Rfd8 17. Bg5 Ne6 18. Bh4 Nd4 19. Nxd4 exd4 20. Nb1 Bxe4 21. Bxf6
d3 22. Bxd3 Bxf6 23. Nc3 Bxd3 24. Rxd3 Qxe2 25. Rxd8+ Rxd8 26. Nxe2 Bxb2 27.
Rb1 Rd2 28. Ng3 Be5 29. a3 Bxg3 30. fxg3 Rd3 31. a4 bxa4 32. Ra1 a3 33. Kf2 f5
34. Ra2 Kf7 35. Re2 Rb3 36. Re1 Rb2+ 37. Kf3 a2 38. Ra1 Ke6 39. g4 fxg4+ 40.
hxg4 Ke5 41. g3 g5 42. Ke3 h6 43. Kd3 Rg2 44. Kc4 Ke4 45. Kb3 Kf3 0-1

[Event "4NCL Online Division 3"]
[Site "online"]
[Date "2021.01.26"]
[Round "1.103"]
[White "Morris, Stephen A"]
[Black "Zhu, Hou Ning"]
[Result "0-1"]
[WhiteElo "1840"]
[BlackElo "1830"]
[PlyCount "106"]
[EventDate "2021.01.26"]
[WhiteTeam "Wantage A"]
[BlackTeam "MCS Oxford A"]

1. d4 Nf6 2. c4 e6 3. Nc3 Bb4 4. e3 b6 5. Nf3 Bb7 6. Bd3 d6 7. a3 Bxc3+ 8. bxc3
c5 9. Bb2 Nbd7 10. Qc2 Qc7 11. a4 O-O 12. e4 e5 13. d5 Nh5 14. Bc1 Rfe8 15. O-O
Nf8 16. Nh4 Qd8 17. Nf5 Bc8 18. Be2 Nf4 19. Bxf4 Bxf5 20. exf5 exf4 21. Bf3 Nd7
22. Qd2 Qg5 23. g3 Ne5 24. Bg2 Qxf5 25. Qxf4 Qxf4 26. gxf4 Nxc4 27. Rfe1 Rad8
28. Bf1 Nd2 29. Rxe8+ Rxe8 30. Bb5 Re4 31. Rd1 Nc4 32. Kg2 Rxf4 33. Re1 Ne5 34.
h3 g5 35. Re3 f6 36. Re2 Kg7 37. Ra2 g4 38. a5 gxh3+ 39. Kxh3 Rf3+ 40. Kg2 Rxc3
41. axb6 axb6 42. Ra7+ Kg6 43. Be8+ Kh6 44. Rb7 Rb3 45. Ba4 Rb2 46. Kg3 c4 47.
Rc7 b5 48. Bd1 Nd3 49. Rc6 Nxf2 50. Bf3 Kg5 51. Rc8 Kf5 52. Rh8 c3 53. Rxh7 c2
0-1

[Event "4NCL Online Division 3"]
[Site "online"]
[Date "2021.01.26"]
[Round "1.104"]
[White "Shen, Alex"]
[Black "Hemmings, Peter J"]
[Result "1-0"]
[WhiteElo "1676"]
[BlackElo "1626"]
[PlyCount "143"]
[EventDate "2021.01.26"]
[WhiteTeam "MCS Oxford A"]
[BlackTeam "Wantage A"]

1. e4 e5 2. Nf3 Nc6 3. Bb5 a6 4. Ba4 d6 5. c3 Bd7 6. O-O Nf6 7. Bc2 Be7 8. Re1
O-O 9. h3 h6 10. d4 Qc8 11. Nbd2 Re8 12. d5 Nd8 13. a4 c5 14. Nc4 Qc7 15. Be3
b6 16. Qe2 Nb7 17. b4 b5 18. Na3 bxa4 19. Bd3 Bb5 20. Nxb5 axb5 21. Bxb5 Reb8
22. Qd3 Nd7 23. Rxa4 Rxa4 24. Bxa4 Nb6 25. Bc2 Ra8 26. Rb1 c4 27. Qe2 Nd7 28.
b5 Bd8 29. b6 Qc8 30. Rb4 Na5 31. Ba4 Nc5 32. Bc2 Qa6 33. Nxe5 Bxb6 34. Nf3
Nab3 35. Qxc4 Qxc4 36. Rxc4 Ra1+ 37. Kh2 Ra3 38. Bxb3 Rxb3 39. Nd2 Rb2 40. Rb4
Rxb4 41. cxb4 Nd7 42. Bxb6 Nxb6 43. f4 f6 44. Kg3 Kf7 45. Kf3 Ke7 46. Ke3 f5
47. Kd4 fxe4 48. Nxe4 Na8 49. g4 Nc7 50. f5 Nb5+ 51. Kc4 Na3+ 52. Kb3 Nb5 53.
Ka4 Nc7 54. Nc3 Kf6 55. b5 Ke5 56. b6 Na6 57. Ka5 Nb8 58. Kb5 Kd4 59. Na4 Kxd5
60. b7 Ke5 61. Kb6 d5 62. Nc5 Kd6 63. Ka7 Nc6+ 64. Kb6 Nb8 65. h4 d4 66. g5
hxg5 67. hxg5 d3 68. Nxd3 Nd7+ 69. Ka7 Kc7 70. f6 gxf6 71. gxf6 Nxf6 72. b8=Q+
1-0

[Event "4NCL Online Division 3"]
[Site "online"]
[Date "2021.01.26"]
[Round "1.111"]
[White "Chaplin, Peter E"]
[Black "Roy, Ali"]
[Result "1/2-1/2"]
[WhiteElo "2041"]
[BlackElo "1919"]
[PlyCount "54"]
[EventDate "2021.01.26"]
[WhiteTeam "Clevedon"]
[BlackTeam "Alba Bon Accord 2"]

1. b3 d5 2. Nf3 Nf6 3. Bb2 e6 4. e3 Be7 5. d4 O-O 6. Nbd2 Nbd7 7. Bd3 b6 8. O-O
Bb7 9. Ne5 c5 10. f4 Rc8 11. Qe2 Ne4 12. Nxe4 dxe4 13. Bb5 Nf6 14. Rad1 Qc7 15.
dxc5 Qxc5 16. Nd7 Nxd7 17. Rxd7 Bc6 18. Bxc6 Rxc6 19. c4 a5 20. Bd4 Qb4 21. Qc2
f5 22. a3 Qxa3 23. Ra1 Qb4 24. Bc3 Qc5 25. Bd4 Qb4 26. Bc3 Qc5 27. Bd4 Qb4
1/2-1/2

[Event "4NCL Online Division 3"]
[Site "online"]
[Date "2021.01.26"]
[Round "1.112"]
[White "Mitchell, Jeremy J"]
[Black "Peters, David"]
[Result "1-0"]
[WhiteElo "1869"]
[BlackElo "1813"]
[PlyCount "43"]
[EventDate "2021.01.26"]
[WhiteTeam "Alba Bon Accord 2"]
[BlackTeam "Clevedon"]

1. e4 c5 2. c3 d5 3. exd5 Qxd5 4. d4 e6 5. Nf3 Nf6 6. Na3 a6 7. Nc4 Nbd7 8. Be2
b5 9. Ne3 Qc6 10. a4 Bb7 11. axb5 axb5 12. Rxa8+ Bxa8 13. dxc5 Bxc5 14. Nd4
Bxd4 15. Qxd4 O-O 16. O-O Nc5 17. Rd1 Nb3 18. Qb4 Nxc1 19. Bxb5 Na2 20. Qxf8+
Kxf8 21. Bxc6 Bxc6 22. Ra1 1-0

[Event "4NCL Online Division 3"]
[Site "online"]
[Date "2021.01.26"]
[Round "1.113"]
[White "Lintern, Jack"]
[Black "Gordon, Frederick"]
[Result "1-0"]
[WhiteElo "1812"]
[BlackElo "1667"]
[PlyCount "77"]
[EventDate "2021.01.26"]
[WhiteTeam "Clevedon"]
[BlackTeam "Alba Bon Accord 2"]

1. c4 c5 2. Nc3 Nc6 3. Nf3 g6 4. e3 Nf6 5. d4 cxd4 6. exd4 d5 7. cxd5 Nxd5 8.
Bc4 Nxc3 9. bxc3 Bg7 10. O-O O-O 11. Re1 e6 12. Ng5 h6 13. Ne4 b6 14. Ba3 Re8
15. Nd6 Re7 16. Nxc8 Rxc8 17. Bxe7 Nxe7 18. Qb3 Nc6 19. Bd3 Na5 20. Qb2 Nc4 21.
Bxc4 Rxc4 22. Rad1 Qc8 23. Re3 Qa6 24. Qb3 h5 25. d5 exd5 26. Rxd5 Rc7 27. Rd8+
Kh7 28. Rf3 Re7 29. Rd1 Qe2 30. Rf1 f5 31. Qd5 Be5 32. g3 h4 33. Re3 Qg4 34.
Rxe5 Rxe5 35. Qxe5 h3 36. Qe7+ Kg8 37. Re1 Qf3 38. Qd8+ Kg7 39. Re7+ 1-0

[Event "4NCL Online Division 3"]
[Site "online"]
[Date "2021.01.26"]
[Round "1.114"]
[White "Brennan, J Ross"]
[Black "Chindelevitch, Leonid"]
[Result "1-0"]
[WhiteElo "1634"]
[BlackElo "1728"]
[PlyCount "105"]
[EventDate "2021.01.26"]
[WhiteTeam "Alba Bon Accord 2"]
[BlackTeam "Clevedon"]

1. d4 d5 2. c4 e6 3. Nc3 Nf6 4. Bg5 Be7 5. Nf3 O-O 6. e3 Nbd7 7. Rc1 b6 8. cxd5
Nxd5 9. Bxe7 Nxe7 10. Bd3 c5 11. O-O Bb7 12. Ng5 h6 13. Nge4 Nf5 14. dxc5 Ne5
15. Be2 Qh4 16. Ng3 Rfd8 17. Qc2 Ng4 18. Bxg4 Qxg4 19. Rfd1 Nh4 20. e4 f5 21.
f3 Qg5 22. Qf2 bxc5 23. Ra1 Rd4 24. Re1 Rad8 25. Re2 fxe4 26. Ngxe4 Bxe4 27.
fxe4 Rd2 28. Rae1 Rf8 29. Rxd2 Rxf2 30. Rxf2 Ng6 31. Ref1 Qe3 32. Kh1 Ne5 33.
h3 Nc4 34. Re2 Qg5 35. Ref2 Ne3 36. Re1 c4 37. Rfe2 Nd5 38. exd5 exd5 39. Rd1
Qf5 40. Red2 d4 41. Rxd4 Qc2 42. R4d2 Qf5 43. Nd5 Qe5 44. Nc3 g5 45. Rd7 Qe3
46. Rc7 Qe8 47. Rxa7 Kf8 48. Rad7 h5 49. Rd8 g4 50. Rxe8+ Kxe8 51. hxg4 hxg4
52. g3 Ke7 53. Rd4 1-0

[Event "4NCL Online Division 3"]
[Site "online"]
[Date "2021.01.26"]
[Round "1.121"]
[White "Borman, Philip"]
[Black "Blasczyk, Martin"]
[Result "1-0"]
[WhiteElo "2250"]
[BlackElo "1711"]
[PlyCount "43"]
[EventDate "2021.01.26"]
[WhiteTeam "Hertford 1"]
[BlackTeam "Atticus B"]

1. d4 Nf6 2. Bf4 g6 3. e3 Bg7 4. Nf3 d6 5. h3 O-O 6. Be2 c5 7. c3 cxd4 8. exd4
Nbd7 9. O-O b6 10. Nbd2 Bb7 11. a4 Re8 12. Bh2 e5 13. Nc4 Ne4 14. Nfd2 Bf8 15.
Nxe4 Bxe4 16. dxe5 Nxe5 17. Nxe5 dxe5 18. Bb5 Qg5 19. Qg4 Qxg4 20. hxg4 Re6 21.
Rfe1 a6 22. Bc4 1-0

[Event "4NCL Online Division 3"]
[Site "online"]
[Date "2021.01.26"]
[Round "1.122"]
[White "Banerjee, Sanjoy K"]
[Black "Cheal, Barry A"]
[Result "0-1"]
[WhiteElo "1701"]
[BlackElo "2162"]
[PlyCount "80"]
[EventDate "2021.01.26"]
[WhiteTeam "Atticus B"]
[BlackTeam "Hertford 1"]

1. d4 e6 2. c4 Nf6 3. Nf3 b6 4. g3 Bb7 5. Bg2 d5 6. cxd5 Nxd5 7. O-O Nd7 8. a3
Be7 9. Nc3 Nxc3 10. bxc3 O-O 11. Bb2 c5 12. e3 Qc7 13. Rc1 Rac8 14. Qe2 Nf6 15.
Rfd1 Rfd8 16. Nd2 Bxg2 17. Kxg2 Qb7+ 18. Kg1 cxd4 19. cxd4 h6 20. Nf3 Bd6 21.
Ne1 Rxc1 22. Rxc1 Rc8 23. Rxc8+ Qxc8 24. e4 Be7 25. Nd3 Nd7 26. Nb4 a5 27. Na2
Qc6 28. Nc3 Bxa3 29. Bxa3 Qxc3 30. Bb2 Qb3 31. Qd2 a4 32. d5 exd5 33. exd5 a3
34. Bxg7 Kxg7 35. Qd4+ Nf6 36. d6 Qe6 37. Qxb6 a2 38. Qb2 Qe1+ 39. Kg2 a1=Q 40.
Qxa1 Qxa1 0-1

[Event "4NCL Online Division 3"]
[Site "online"]
[Date "2021.01.26"]
[Round "1.123"]
[White "Byway, Paul V"]
[Black "Burge, Steve J"]
[Result "0-1"]
[WhiteElo "2017"]
[BlackElo "1680"]
[PlyCount "60"]
[EventDate "2021.01.26"]
[WhiteTeam "Hertford 1"]
[BlackTeam "Atticus B"]

1. d4 e6 2. Nf3 f5 3. g3 Nf6 4. Bg2 Be7 5. c4 O-O 6. O-O d6 7. Nc3 Qe8 8. b3
Qh5 9. Ba3 Ne4 10. Nxe4 fxe4 11. Nd2 Rf6 12. Nxe4 Rh6 13. h3 e5 14. e3 Qg6 15.
dxe5 Bxh3 16. Bxh3 Rxh3 17. Qd5+ Kf8 18. exd6 cxd6 19. Bxd6 Nc6 20. Bxe7+ Nxe7
21. Qxb7 Re8 22. Rad1 Nc6 23. Qd7 Qxe4 24. Qxh3 Ne5 25. Qg2 Nf3+ 26. Kh1 Re6
27. Rd8+ Ke7 28. Qh3 Kxd8 29. Rd1+ Ke7 30. Kg2 Ng5+ 0-1

[Event "4NCL Online Division 3"]
[Site "online"]
[Date "2021.01.26"]
[Round "1.124"]
[White "Wadsworth, Mark S"]
[Black "Capes, Ian"]
[Result "1/2-1/2"]
[WhiteElo "1666"]
[BlackElo "1915"]
[PlyCount "49"]
[EventDate "2021.01.26"]
[WhiteTeam "Atticus B"]
[BlackTeam "Hertford 1"]

1. d4 f5 2. c4 Nf6 3. Nc3 g6 4. g3 Bg7 5. Bg2 d6 6. Nh3 O-O 7. O-O Na6 8. Nf4
e5 9. dxe5 dxe5 10. Nfd5 c6 11. Nxf6+ Qxf6 12. e4 Be6 13. Qe2 f4 14. f3 g5 15.
g4 Rfd8 16. b3 Bf8 17. Bb2 Bc5+ 18. Kh1 Rd7 19. Rfd1 Rad8 20. Rxd7 Rxd7 21. Rd1
Qd8 22. Rxd7 Qxd7 23. Qd1 Bd4 24. Bf1 Kf7 25. Kg2 1/2-1/2

[Event "4NCL Online Division 3"]
[Site "online"]
[Date "2021.01.26"]
[Round "1.131"]
[White "Gluckman, Tim"]
[Black "Putar, Lara"]
[Result "1/2-1/2"]
[WhiteElo "1949"]
[BlackElo "1899"]
[PlyCount "117"]
[EventDate "2021.01.26"]
[WhiteTeam "Catford Cosmonauts 3"]
[BlackTeam "St Benildus B"]

1. d4 Nf6 2. Bg5 Ne4 3. Bf4 g6 4. f3 Nf6 5. e4 Bg7 6. Nc3 d6 7. Qd2 O-O 8. Bh6
e5 9. Bxg7 Kxg7 10. dxe5 dxe5 11. Qxd8 Rxd8 12. Bc4 a6 13. a4 Nc6 14. a5 Nd4
15. Rc1 Ne8 16. Nd5 Be6 17. Ne2 Nxe2 18. Kxe2 Nd6 19. b3 Bxd5 20. exd5 Nb5 21.
c3 Rd6 22. Rhd1 f5 23. Rd2 Rad8 24. Bxb5 axb5 25. c4 bxc4 26. bxc4 Ra6 27. Rb2
Rxa5 28. Rxb7 Rc5 29. Kd2 Kh6 30. Rc3 c6 31. Rc7 Kg5 32. Kc2 Rd6 33. Kb3 Ra5
34. Kb4 Ra2 35. Kc5 Rd8 36. Kxc6 Rxg2 37. Rxh7 Kf6 38. Rd7 Ra8 39. c5 Rxh2 40.
Kd6 Ra6+ 41. Kc7 Ra7+ 42. Kc8 Ra8+ 43. Kb7 Rha2 44. Rb3 R2a7+ 45. Kc6 Rc8+ 46.
Kd6 Rxd7+ 47. Kxd7 Rxc5 48. Rb6+ Kf7 49. d6 e4 50. fxe4 fxe4 51. Rb4 e3 52. Re4
Rc3 53. Kd8 g5 54. d7 Kf8 55. Re8+ Kf7 56. Re7+ Kf8 57. Re8+ Kf7 58. Re7+ Kf8
59. Re8+ 1/2-1/2